000 00734nam a2200205Ia 4500
003 GCL
008 140319s9999 xx 000 0 ara d
040 _aGCL /
_cGCL
082 0 4 _a791.437
_bس ا
100 1 _aمدحت محفوظ (مترجم)
245 1 0 _aانواع الفيلم الامريكى /
_cمدحت محفوظ (مترجم)
700 1 _aسلومون، ستانلى جين
260 _aالقاهرة :
_bالهيئة المصرية العامة للكتاب ،
_c1995
300 _aص414 ؛
_c24سم
650 0 4 _aالولايات المتحدة الامريكية
650 0 4 _aالافلام السينمائية
650 0 4 _aالسينما
650 0 4 _aالسينما الامريكية
942 _2ddc
_cBK
999 _c44056
_d44056